000 00328nam a22000977a 4500
005 20250901165308.0
008 210305b ||||| |||| 00| 0 eng d
050 _aRA651
245 _aEpidemiology in community health
_ba self-teaching manual for rural health workers
_cMCCUSKER, JANE
942 _2lcc
_hRA651 .M33 2001
999 _c1722
_d1722